000 00344 a2200109 4500
001 ART_11825
005 20260410161900.0
008 260409a
245 1 0 _aA procedure for testing the signalling hypothesis
100 1 _aAlbrecht, James W.
773 0 _tJournal of public economics
_g- Vol. 15, NÂș 1 (feb. 1981)
_wREV11485
999 _c25871
_d25871